000 00442nmm a2200169Ia 4500
008 251105s9999||||xx |||||||||||||||||und||
020 _a9788415952114
041 _aspa
100 _aAmarillo, Noelia
245 0 _aAmanecer contigo
264 _a[Madrid, España] :
_bTerciopelo,
_c2014
300 _a432 páginas
490 _aTerciopelo
650 _aRomance
856 _uhttps://public.digitaliapublishing.com/a/32525
942 _cCF
999 _c77157
_d77157